Tecnologia de Metal : Formación Profesional 2do Curso
| Main Author: | |
|---|---|
| Format: | Section = Libro |
| Language: | Undetermined Spanish |
| Published: |
Cuba
Organización Mundial de la Salud
1977
|
| Subjects: |
| LEADER | 00502nam a2200181Ia 4500 | ||
|---|---|---|---|
| 008 | 240830s9999 xx 000 0 und d | ||
| 020 | |a 84-283-0903-5 | ||
| 040 | |a B-ESTELÍ- RUACS / 621.94 S516 | ||
| 041 | |a spa | ||
| 082 | |a 621.94 S516 | ||
| 100 | 1 | |a Salgado, F. J | |
| 245 | 1 | 0 | |a Tecnologia de Metal : Formación Profesional 2do Curso |
| 260 | |a Cuba |b Organización Mundial de la Salud |c 1977 | ||
| 300 | |a 323 p:il | ||
| 650 | 7 | |a HERRAMIENTAS - CEPILLO | |
| 942 | |c BK |2 ddc | ||
| 991 | |a TEXTO | ||
| 999 | |c 11251 | ||